000 01080nam a2200301 i 4500
001 8810
003 KOSZ 005
005 20191123111549.0
008 071023s1970 pl a f 001 0 pol
015 _aPB 1971/10861
040 _aWA N
_cWA N
_dKOSZ 005/RW
_dKOSZ 005/HR
046 _k1970
080 _a621.9
245 0 0 _aPrasy mechaniczne :
_bkonstrukcje, ekspoatacja i modernizacja : praca zbiorowa /
_c[aut. Jerzy Antosiak ; koord. Tadeusz Golatowski].
260 _aWarszawa :
_bWydawnictwa Naukowo-Techniczne,
_c1970.
300 _a633, [3] s. :
_bil. ;
_c25 cm.
380 _aKsiążki
388 _a1901-2000
500 _aDruk z klisz.
504 _aBibliogr. s. 625-[627]. Indeks.
650 4 _aPrasy mechaniczne.
658 _aInżynieria i technika
710 2 _aWydawnictwa Naukowo-Techniczne
_4pbl.
700 1 _aAntosiak, Jerzy
_eAutor
700 1 _aGolatowski, Tadeusz
_d(?-1999)
_eOpracowanie
856 _uhttp://koha.tu.koszalin.pl/cgi-bin/koha/opac-detail.pl?biblionumber=8810
_yKatalog online BPK
942 _2UKD
_cKS
999 _c8810
_d8810